LIBRARY & INFORMATION CENTRE, KCAET, TAVANUR

ONLINE PUBLIC ACCESS CATALOGUE (OPAC)

American Literature 1890-1965 An Anthology / (Record no. 861)

MARC details
000 -LEADER
fixed length control field 00439cam a2200169ua 4500
041 ## - LANGUAGE CODE
Language code of text/sound track or separate title eng
082 ## - DEWEY DECIMAL CLASSIFICATION NUMBER
Classification number 801
Item number GB/AM
100 ## - MAIN ENTRY--AUTHOR NAME
Personal name Igbert, Oliver .
245 00 - TITLE STATEMENT
Title American Literature 1890-1965 An Anthology /
260 ## - PUBLICATION, DISTRIBUTION, ETC. (IMPRINT)
Place of publication New Delhi :
Name of publisher Eurasia Publishing house pvt ltd ,
Year of publication 1967.
300 ## - PHYSICAL DESCRIPTION
Number of Pages 595 ; .
942 ## - ADDED ENTRY ELEMENTS (KOHA)
Koha item type Books
Holdings
Withdrawn status Lost status Damaged status Home library Current library Date acquired Full call number Accession Number Koha item type
Withdrawn     KAUAET Malayalam University 07/04/2012 801 10822 Books
free website counter